[Event "Fredericia Chess 2018"]
[Site "Fredericia, Denmark"]
[Date "2018.05.10"]
[Round "2.5"]
[White "Heimisson, Hilmir Freyr"]
[Black "Light, Bjarne"]
[Result "1-0"]
[BlackElo "2212"]
[WhiteElo "2132"]
[LiveChessVersion "1.4.8"]

1. e4 {[%clk 1:30:57]} c5 {[%clk 1:30:55]} 2. c3 {[%clk 1:31:21]} b6
{[%clk 1:29:42]} 3. d4 {[%clk 1:30:22]} Bb7 {[%clk 1:30:08]} 4. Bd3
{[%clk 1:28:42]} Nc6 {[%clk 1:20:08]} 5. Ne2 {[%clk 1:22:55]} cxd4 6. cxd4
{[%clk 1:23:15]} Nb4 {[%clk 1:19:00]} 7. Nbc3 {[%clk 1:16:33]} Nxd3+ 8. Qxd3
{[%clk 1:16:56]} g6 {[%clk 1:18:48]} 9. Be3 {[%clk 0:52:56]} Bg7 {[%clk 1:17:58]}
10. O-O-O {[%clk 0:49:08]} Nf6 {[%clk 1:16:26]} 11. f3 {[%clk 0:46:16]} O-O
{[%clk 1:15:48]} 12. g4 {[%clk 0:43:03]} d6 {[%clk 1:10:18]} 13. g5
{[%clk 0:34:09]} Nd7 {[%clk 1:10:29]} 14. h4 {[%clk 0:33:49]} a6 {[%clk 1:10:31]}
15. h5 {[%clk 0:26:49]} b5 {[%clk 1:10:01]} 16. hxg6 {[%clk 0:21:39]} hxg6
{[%clk 1:10:19]} 17. Kb1 {[%clk 0:18:44]} b4 {[%clk 1:04:39]} 18. Nd5
{[%clk 0:18:09]} a5 {[%clk 1:04:37]} 19. Nc1 {[%clk 0:13:31]} e6 {[%clk 0:59:10]}
20. Nf4 {[%clk 0:13:25]} Qe7 {[%clk 0:42:55]} 21. Qd2 {[%clk 0:08:05]} Rfb8
{[%clk 0:40:03]} 22. Rh3 {[%clk 0:07:00]} e5 {[%clk 0:33:59]} 23. Nd5
{[%clk 0:06:15]} Bxd5 {[%clk 0:33:08]} 24. exd5 {[%clk 0:06:40]} a4
{[%clk 0:30:05]} 25. Rdh1 {[%clk 0:05:55]} f5 {[%clk 0:29:38]} 26. gxf6
{[%clk 0:05:13]} Qxf6 {[%clk 0:29:56]} 27. Bh6 {[%clk 0:03:07]} Qf5+
{[%clk 0:28:53]} 28. Ka1 {[%clk 0:02:46]} Bf6 {[%clk 0:29:09]} 29. f4
{[%clk 0:00:58]} a3 {[%clk 0:25:11]} 30. fxe5 {[%clk 0:00:54]} axb2+
{[%clk 0:25:24]} 31. Qxb2 {[%clk 0:01:20]} Nxe5 {[%clk 0:23:11]} 32. Qb1
{[%clk 0:00:39]} Ng4 {[%clk 0:09:14]} 33. Nb3 {[%clk 0:00:37]} Qxb1+
{[%clk 0:07:08]} 34. Rxb1 {[%clk 0:00:45]} Nxh6 {[%clk 0:06:47]} 35. Rxh6
{[%clk 0:01:08]} Kg7 {[%clk 0:07:11]} 36. Rbh1 {[%clk 0:00:33]} Re8
{[%clk 0:07:04]} 37. Rh7+ {[%clk 0:00:33]} Kg8 {[%clk 0:07:30]} 38. R7h2
{[%clk 0:00:46]} Re3 {[%clk 0:07:21]} 39. Kb1 {[%clk 0:00:59]} Rae8
{[%clk 0:07:24]} 40. Rg2 {[%clk 0:00:45]} Kg7 {[%clk 0:03:15]} 41. Rc1
{[%clk 0:27:16]} Re1 {[%clk 0:32:58]} 42. Rxe1 {[%clk 0:23:51]} Rxe1+
{[%clk 0:33:23]} 43. Kc2 {[%clk 0:24:16]} g5 {[%clk 0:31:43]} 44. Kd3
{[%clk 0:19:56]} Kg6 {[%clk 0:26:03]} 45. Kc4 {[%clk 0:19:16]} Re4
{[%clk 0:24:04]} 46. Kxb4 {[%clk 0:09:33]} Bxd4 {[%clk 0:23:32]} 47. Kb5
{[%clk 0:09:54]} Be5 {[%clk 0:20:26]} 48. a4 {[%clk 0:05:44]} Re3
{[%clk 0:09:00]} 49. Kc4 {[%clk 0:03:40]} Rc3+ {[%clk 0:05:42]} 50. Kb4
{[%clk 0:04:05]} Rc8 {[%clk 0:05:19]} 51. a5 {[%clk 0:03:17]} Kf5
{[%clk 0:04:39]} 52. a6 {[%clk 0:02:26]} Bc3+ {[%clk 0:03:59]} 53. Kb5
{[%clk 0:02:29]} Rb8+ {[%clk 0:04:07]} 54. Kc4 {[%clk 0:02:30]} Be5
{[%clk 0:03:12]} 55. Na5 {[%clk 0:01:33]} g4 {[%clk 0:02:01]} 56. Nc6
{[%clk 0:01:38]} Ra8 {[%clk 0:02:26]} 57. Kb5 {[%clk 0:01:42]} Bf4
{[%clk 0:02:13]} 58. Nd4+ {[%clk 0:00:47]} Ke4 {[%clk 0:01:23]} 59. Ne6
{[%clk 0:00:33]} Kf3 {[%clk 0:01:24]} 60. Nxf4 {[%clk 0:00:57]} Kxf4
{[%clk 0:01:47]} 61. Kb6 {[%clk 0:01:13]} Kf3 {[%clk 0:01:25]} 62. Ra2
{[%clk 0:01:19]} Ke4 {[%clk 0:00:46]} 63. Kb7 {[%clk 0:00:42]} Rg8
{[%clk 0:01:02]} 64. Kc6 {[%clk 0:00:55]} g3 {[%clk 0:00:36]} 65. a7
{[%clk 0:01:08]} g2 {[%clk 0:00:33]} 66. Rxg2 {[%clk 0:01:17]} Rxg2
{[%clk 0:00:32]} 67. a8=Q {[%clk 0:01:37]} Kxd5+ 1-0